00751nam a2200193 i 450000100060000000300090000600500170001500700030003200800410003510000310007624501630010725000120027026000530028230000220033570000300035785200320038799900170041995201210043687264ES-MaACL20230906175632.0t|041220s1957 sp ||||1| spa d1 aKronenburg, Juan B.96889013aEl apóstol de los leprosos en Surinán b: venerable P. Pedro Donders : redentorista / cJuan B. Kronenburg ; versión del francés por Félix Elejalde. a2ª ed. aMadrid : bEl Perpetuo Socorro, c1957 (fSèz) a286 p. ; c17 cm.1 aElejalde, Félix.946924 aES-MaACLjC-13837 bR.41722 c87264d87264 00104070aATENEOMbATENEOMcSPALd2008-01-17eSCl0oC-13837p1091170r2023-02-23 00:00:00w2023-02-23yMONOGRAFIA